000
00269nam a22001097a 4500
008
170104b xxu||||| |||| 00| 0 eng d
020
_a
9780130990754
041
_a
eng
080
_2
3RD
_a
618.2
245
_a
MEICAL SURGICAL NURSING
_c
LEMONE, P & BURKE, K
942
_2
udc
_c
BK
999
_c
2534
_d
2534